Triumphal Sun (Record no. 8253)
[ view plain ]
| 000 -LEADER | |
|---|---|
| fixed length control field | 00700nam a2200265 a 4500 |
| 020 ## - INTERNATIONAL STANDARD BOOK NUMBER | |
| ISBN | 0791464 |
| 082 00 - DEWEY DECIMAL CLASSIFICATION NUMBER | |
| Classification number | 891.51 |
| Author Cutter | SCH1 |
| 100 ## - MAIN ENTRY--AUTHOR NAME | |
| Author name | Schimmel, Annemarie |
| 245 ## - TITLE STATEMENT | |
| Title | Triumphal Sun |
| Sub title | a Study of the Works of Jalaloddin Rumi |
| 260 ## - PUBLICATION, DISTRIBUTION, ETC. (IMPRINT) | |
| Place of publication | Albany |
| Name of publisher | State University of New York |
| Year of publication | 1993 |
| 300 ## - PHYSICAL DESCRIPTION | |
| Number of Pages | 513p |
| 500 ## - GENERAL NOTE | |
| General note | includes index and biblioraphy |
| 505 2# - FORMATTED CONTENTS NOTE | |
| Formatted contents note | Index |
| 650 ## - SUBJECT ADDED ENTRY--TOPICAL TERM | |
| Topical Term | Persian Poetry |
| 650 ## - SUBJECT ADDED ENTRY--TOPICAL TERM | |
| Topical Term | Poetry-Criticism |
| 650 ## - SUBJECT ADDED ENTRY--TOPICAL TERM | |
| Topical Term | Rumi-Jalaluddin |
| 942 ## - ADDED ENTRY ELEMENTS (KOHA) | |
| Koha item type | Books |
| 700 1# - | |
| -- | Schimmel, Annemarie |
| Collection code | Home library | Current library | Date acquired | Cost, normal purchase price | Full call number | Accession Number | Koha item type |
|---|---|---|---|---|---|---|---|
| Henry Martyn Institute Library | Henry Martyn Institute Library | 03/13/2009 | 100.00 | 891.51 SCH1 | 014999 | Books |
